000 00419nam a2200181Ia 4500
001 7789
005 20260306160521.0
008 260306t2008||||xx |||||||||||||| ||spa||
041 _aESP
082 _a362.10985
_bS13
100 _aSaco, Alexandro
_eAUT
245 0 _aBuscando salud texto impreso
260 _c2008
300 _a162 páginas :
_ccm.
650 _aGEN
654 _aCPS
942 _cLIB
_dJUS
_fJUS
_2ddc
_n
999 _c7789
_d7789